L'opera completa di Cimabue e il momento figurativo pregiottesco
Αποθηκεύτηκε σε:
| Κύριος συγγραφέας: | |
|---|---|
| Άλλοι συγγραφείς: | |
| Μορφή: | Βιβλίο |
| Γλώσσα: | Italian |
| Δημοσίευση: |
Milano :
Rizzoli,
c1975
|
| Σειρά: | Classici dell'Arte ;
; 81 |
| Θέματα: | |
| Ετικέτες: |
Προσθήκη ετικέτας
Δεν υπάρχουν, Καταχωρήστε ετικέτα πρώτοι!
|
MARC
| LEADER | 00000cam a2200000 i 4500 | ||
|---|---|---|---|
| 001 | 1/43652 | ||
| 008 | 031027s1975 ita d | ||
| 035 | |l 10071401 | ||
| 040 | |a GR-MY-UA |b gre |e aacr | ||
| 041 | 0 | |a ita | |
| 082 | 0 | |a 759.5 | |
| 100 | 0 | |a Cimabue. | |
| 245 | 1 | 0 | |a L'opera completa di Cimabue e il momento figurativo pregiottesco / |c presentazione, apparati critici e filologici di Enio Sindona |
| 260 | |a Milano : |b Rizzoli, |c c1975 | ||
| 300 | |a 128 σ. |b εγχρ.εικ. | ||
| 490 | 1 | |a Classici dell' Arte |v ; 81 | |
| 504 | |a Περιλαμβάνει ευρετήριο | ||
| 600 | 0 | 0 | |a Cimabue. |
| 650 | 0 | 0 | |a Painting, Italian. |
| 700 | 1 | |a Sindona, Enio. |4 aui |4 edt | |
| 830 | 0 | |a Classici dell'Arte ; |v ; 81 | |
| 852 | |a INST |b CHIOS |e 20031027 |h 759.5 CIM |p 005200012940 |q 005200012940 |t BK |y 0 | ||
| 901 | |a BIBL2-2003-3 | ||
| 909 | |a Χ |b 047752 | ||
| 970 | |a ΒΑΣΙΛΑΚΗ |b ΝΙΚΗ |z 2003/10/27 | ||